|
|
|
|
| LEADER |
02394nam a2200637 i 4500 |
| 001 |
nkc20243626896 |
| 003 |
CZ PrNK |
| 005 |
20240920114635.0 |
| 007 |
ta |
| 008 |
240816s2024 xr a e f 000 0 cze |
| 015 |
|
|
|a cnb003626896
|
| 020 |
|
|
|a 978-80-7563-708-6
|q (vázáno)
|
| 035 |
|
|
|a (OCoLC)1459785539
|
| 040 |
|
|
|a OLA001
|b cze
|e rda
|
| 041 |
1 |
|
|a cze
|h ita
|
| 072 |
|
7 |
|a 376
|x Výchova a vzdělávání zvláštních skupin osob
|2 Konspekt
|9 22
|
| 080 |
|
|
|a 316.344.6-053.2:616.89-008.481
|2 MRF
|
| 080 |
|
|
|a 616.89-008.47-008.481
|2 MRF
|
| 080 |
|
|
|a 159.922.7
|2 MRF
|
| 080 |
|
|
|a 37.015.311-053.2
|2 MRF
|
| 080 |
|
|
|a 37.064.2
|2 MRF
|
| 080 |
|
|
|a 37.091.321
|2 MRF
|
| 080 |
|
|
|a (072)
|2 MRF
|
| 100 |
1 |
|
|a Arcangeli, Donatella
|7 ola20241235521
|4 aut
|
| 240 |
1 |
0 |
|a ADHD.
|l Česky
|
| 245 |
1 |
0 |
|a ADHD :
|b na I. stupni základní školy : co dělat (a nedělat) : rychlý průvodce pro učitele /
|c Donatella Arcangeli ; překlad: Tereza Siegelová
|
| 250 |
|
|
|a 1. vydání
|
| 264 |
|
1 |
|a Praha :
|b Taktik,
|c 2024
|
| 300 |
|
|
|a 132 stran :
|b barevné ilustrace ;
|c 22 cm
|
| 336 |
|
|
|a text
|b txt
|2 rdacontent
|
| 337 |
|
|
|a bez média
|b n
|2 rdamedia
|
| 338 |
|
|
|a svazek
|b nc
|2 rdacarrier
|
| 500 |
|
|
|a Přeloženo z italštiny
|
| 504 |
|
|
|a Obsahuje bibliografii
|
| 546 |
|
|
|a Český text
|
| 650 |
0 |
7 |
|a hyperaktivní děti
|7 ph575090
|2 czenas
|
| 650 |
0 |
7 |
|a porucha pozornosti spojená s hyperaktivitou
|7 ph120994
|2 czenas
|
| 650 |
0 |
7 |
|a psychologie dítěte
|7 ph117256
|2 czenas
|
| 650 |
0 |
7 |
|a výchova dítěte
|7 ph127420
|2 czenas
|
| 650 |
0 |
7 |
|a učitel a žák
|7 ph126980
|2 czenas
|
| 650 |
0 |
7 |
|a pedagogické dovednosti
|7 ph157201
|2 czenas
|
| 650 |
0 |
9 |
|a hyperactive children
|2 eczenas
|
| 650 |
0 |
9 |
|a attention deficit hyperactivity disorder
|2 eczenas
|
| 650 |
0 |
9 |
|a child psychology
|2 eczenas
|
| 650 |
0 |
9 |
|a child rearing
|2 eczenas
|
| 650 |
0 |
9 |
|a teacher and learner
|2 eczenas
|
| 650 |
0 |
9 |
|a teaching skills
|2 eczenas
|
| 655 |
|
7 |
|a metodické příručky
|7 fd132826
|2 czenas
|
| 655 |
|
9 |
|a methodological manuals
|2 eczenas
|
| 700 |
1 |
|
|a Siegelová, Tereza
|7 xx0263197
|4 trl
|
| 910 |
2 |
|
|a BOA001
|b 2-1529.265
|
| 990 |
|
|
|a BK
|
| 995 |
|
|
|a 01
|
| 991 |
|
|
|b 202408
|c NOV
|
| 996 |
6 |
|
|b 2610977779
|c 2-1529.265
|l MZK
|r Sklad / do 1 hodiny
|n 2
|p p.v.
|w 001974651
|u 000010
|a 1
|e BOA001
|j MZK50
|s P
|
| 996 |
7 |
|
|b 2610979334
|c 2-1529.265
|l Vol.výběr
|r VV 0p
|n 8
|p kup
|h 376 ARC
|w 001974651
|u 000020
|a 0
|e BOA001
|j MZK50
|s A
|